• 首页
  • 本馆介绍
  • 公告通知
  • 最新文献
  • 馆藏检索
  • 电子资源
  • 读者导购
  • 参考咨询
  • 我的图书馆
  • 登录
  • 详细信息显示
  • 放入我的书架
  • 预约/预借图书
  • 作者相关作品
  • 分类相关作品
  • 丛书相关作品
  • 出版社相关作品

书目信息

  • 表格格式
  • 工作单格式
  • 卡片格式
题名:
拜占廷帝国
    
 
作者: 奥斯特洛格尔斯基 , Ostroyorsky 著 ;陈志强 译
分册:  
出版信息: 西宁   青海人民出版社  2006
页数: 548页
开本: 25cm
丛书名: 帝国史译丛
单 册:
中图分类: K134
科图分类:
主题词:
电子资源:
ISBN: 7-225-02781-6
000 01286oam2 2200325 450
001 012007964241
005 20070716152727.39
010    @a7-225-02781-6@dCNY58.00
100    @a20070714d2006 km y0chiy0120 ea
101 1  @achi@ceng
102    @aCN@b640000
105    @ay z 001yy
106    @ar
200 1  @a拜占廷帝国@Abai zhan ting di guo@e原书名,拜占廷国家史@f(南斯拉夫)乔治·奥斯特洛格尔斯基(Geory Ostroyorsky)著@F(nan si la fu)qiao zhi·ao si te luo ge er si ji(Geory Ostroyorsky)zhu@g陈志强译@Gchen zhi qiang yi
210    @a西宁@c青海人民出版社@d2006
215    @a548页@d25cm
225 2  @a帝国史译丛
306    @a由德国Verlag C. H. Beck授权出版。
330    @a本书共八章,包括早期拜占廷国家:其发展及特征(324-610年);生存斗争和拜占廷国家的复兴;毁坏圣像危机时代;拜占廷帝国的黄金时代等。
461  0 @12001 @a帝国史译丛
510 1  @aBezantinische geschichte@zeng
517 1  @a原书名,拜占廷国家史@Ayuan shu ming,bai zhan ting guo jia shi
607    @a拜占廷帝国@x历史@z324~1453
607    @a拜占廷帝国
690    @aK134@v4
701  1 @c(南斯拉夫)@a奥斯特洛格尔斯基@Aao si te luo ge er si ji@b乔治@4著
701  1 @c(南斯拉夫)@aOstroyorsky@bGeory@4著
702  0 @a陈志强@Achen zhi qiang@4译
801  0 @aCN@bRULIN@c20070716
905    @dK134@e177@s3
    
    拜占廷帝国:原书名,拜占廷国家史/(南斯拉夫)乔治·奥斯特洛格尔斯基(Geory Ostroyorsky)著/陈志强译.-西宁:青海人民出版社,2006
    548页;25cm.-(帝国史译丛)
    
    
    ISBN 7-225-02781-6:CNY58.00
    本书共八章,包括早期拜占廷国家:其发展及特征(324-610年);生存斗争和拜占廷国家的复兴;毁坏圣像危机时代;拜占廷帝国的黄金时代等。
●
相关链接 在E读中查询图书 在五车中查询图书 在当当中查询图书 在豆瓣中查询图书


正题名:拜占廷帝国     索取号:K134/177         预约/预借

序号 登录号 条形码 馆藏地/架位号 状态 备注
1 0583348   205833482   第二样本阅览室/ [索取号:K134/177] 在馆    
2 0583349   205833491   第二借阅区/ [索取号:K134/177] 在馆    
3 0583350   205833507   第二借阅区/ [索取号:K134/177] 在馆    
唐山师范学院图书馆 欢迎您!
大连网信软件有限公司© 版权所有